| 000 | 00755cam a2200253 4500 | ||
|---|---|---|---|
| 008 | 000000n2001 000 0 eng u | ||
| 020 | _a0415234042 | ||
| 035 | _a(Sirsi) u111919 | ||
| 050 | _a711.52 | ||
| 100 |
_aSimmie, James _xeditor |
||
| 245 | _aInnovative cities. | ||
| 260 |
_aLondon _bSpon Press _c2001 |
||
| 300 | _axv,254p. ; 24cm. | ||
| 350 | _a22.50 | ||
| 520 | _aAn international comparison of innovation in Amsterdam, London, Milan, Paris and Stuttgart, which looks at the characteristics and conditions which make for their economic success. | ||
| 650 | _aSTUTTGART | ||
| 650 | _aMILAN | ||
| 650 | _aAMSTERDAM | ||
| 650 | _aPARIS | ||
| 650 | _aLONDON | ||
| 650 | _aURBAN AREAS | ||
| 690 | _aECONOMIC ISSUES | ||
| 942 | _n0 | ||
| 999 |
_c101304 _d101304 |
||